Skoczkowie, którzy stanęli na podium w sezonie 2003/2004 - Statystyki

Ogólne statystyki
  • Ten quiz został rozwiązany 19 razy
  • Średni wynik to 10 z 20
Statystyki odpowiedzi
Liczba
podiów
Skoczek/zawodnik % Poprawnych
4 Adam Małysz
100%
13 Janne Ahonen
88%
2 Thomas Morgenstern
88%
7 Bjørn Einar Romøren
71%
3 Noriaki Kasai
71%
11 Roar Ljøkelsøy
65%
5 Sigurd Pettersen
65%
3 Simon Ammann
59%
1 Andreas Widhölzl
53%
2 Matti Hautamäki
53%
1 Michael Uhrmann
53%
6 Martin Höllwarth
47%
2 Peter Žonta
35%
1 Tami Kiuru
35%
2 Georg Späth
29%
1 Maximilian Mechler
29%
3 Veli - Matti Lindström
29%
1 Tommy Ingebrigtsen
24%
1 Alexander Herr
12%
1 Andreas Küttel
12%
Nie znaleziono quizów pasujących do podanych kryteriów
Rozkład punktacji
Procent ludzi z każdym wynikiem
Percentyl według liczby udzielonych odpowiedzi
Twoja historia wyników
Nie rozwiązałeś tego quizu